000 00333nam a22001337a 4500
020 _a070662266
040 _cNust
082 _a620.0068
_bCLE'E
100 _aDavid Clelano
_9126907
245 _aEngineering management
260 _aNew York:
_bMcGraw -Hill,
_c1981.
650 _aEngineering management
_967147
942 _2ddc
_cBK
999 _c612301
_d612301